[Event "Titled Tuesday intern op 21st Feb Late"]
[Site "Chess.com INT"]
[Date "2023.02.21"]
[Round "4"]
[White "Hambleton, Aman"]
[Black "Nygren, Kim"]
[Result "1-0"]
[WhiteElo "2420"]
[BlackElo "2178"]
[PlyCount "113"]
[EventDate "2023.02.21"]
[EventType "swiss (blitz)"]
[EventRounds "11"]
[EventCountry "USA"]
[SourceTitle "CBM 212 Extra"]
[Source "ChessBase"]
[SourceDate "2023.03.31"]
[SourceVersion "1"]
[SourceVersionDate "2023.03.31"]
[SourceQuality "1"]

1. d4 Nf6 2. Bf4 g6 3. Nc3 c5 4. e3 Bg7 5. Nf3 0-0 6. h3 cxd4 7. exd4 d6 8. Be2 Qb6 9. a3 Bf5 10. Rb1 Ne4 11. Nxe4 Bxe4 12. 0-0 Nc6 13. d5 Nd4 14. Nxd4 Bxd4 15. Bf3 Bf5 16. g4 Bd7 17. c3 Bg7 18. Re1 Rfe8 19. Qd2 a5 20. Bg5 Bf8 21. Re4 Rac8 22. Rbe1 e6 23. dxe6 Rxe6 24. Be3 Qc6 25. Bd4 d5 26. Rxe6 Bxe6 27. Qf4 Bc5 28. Rd1 Bxd4 29. Rxd4 Qb6 30. Qd2 Rc5 31. Kg2 Kg7 32. Kg3 h6 33. h4 Qc7+ 34. Qf4 Qb6 35. Qe5+ Kg8 36. Qe2 Qd6+ 37. Kg2 b5 38. Qe3 Kg7 39. g5 hxg5 40. hxg5 Rc4 41. Be2 Rc5 42. b4 axb4 43. axb4 Rc8 44. Bxb5 Rh8 45. Qg3 Qxg3+ 46. fxg3 Rc8 47. Rd3 Bf5 48. Re3 Be4+ 49. Kf2 Ra8 50. Bc6 Ra2+ 51. Ke1 Ra1+ 52. Kd2 Ra2+ 53. Kc1 Rc2+ 54. Kd1 Rg2 55. b5 Rb2 56. c4 f5 57. cxd5 1-0

[Event "Titled Tuesday intern op 21st Feb Late"]
[Site "Chess.com INT"]
[Date "2023.02.21"]
[Round "1"]
[White "Levine, David M"]
[Black "Nygren, Kim"]
[Result "0-1"]
[WhiteElo "2040"]
[BlackElo "2178"]
[PlyCount "78"]
[EventDate "2023.02.21"]
[EventType "swiss (blitz)"]
[EventRounds "11"]
[EventCountry "USA"]
[SourceTitle "CBM 212 Extra"]
[Source "ChessBase"]
[SourceDate "2023.03.31"]
[SourceVersion "1"]
[SourceVersionDate "2023.03.31"]
[SourceQuality "1"]

1. d4 Nf6 2. c4 e6 3. g3 d5 4. Bg2 Bb4+ 5. Bd2 Be7 6. Nf3 0-0 7. 0-0 dxc4 8. Qc2 a6 9. Qxc4 b5 10. Qc2 Bb7 11. Bf4 Nd5 12. Nbd2 Nxf4 13. gxf4 Nd7 14. Ne4 Rc8 15. Nc5 Nxc5 16. dxc5 Bc6 17. b4 Bf6 18. Rad1 Qe7 19. e3 Rcd8 20. Rxd8 Rxd8 21. Rd1 g6 22. Ne1 Bxg2 23. Kxg2 Rxd1 24. Qxd1 Bc3 25. Nd3 Qd7 26. Qc2 Qd5+ 27. f3 Bf6 28. Qb3 Qh5 29. Qa3 g5 30. fxg5 Bxg5 31. Nf2 Qg6 32. Qxa6 Bxe3+ 33. Kf1 Qc2 34. Ne4 Qd3+ 35. Kg2 Kg7 36. Qc6 Qe2+ 37. Kg3 Bg1 38. Ng5 Qxh2+ 39. Kg4 h5# 0-1

[Event "Karlstad op"]
[Site "Karlstad"]
[Date "2022.12.28"]
[Round "4"]
[White "Ingebretsen, Jens E"]
[Black "Nygren, Kim"]
[Result "1/2-1/2"]
[WhiteElo "2372"]
[BlackElo "2206"]
[PlyCount "84"]
[EventDate "2022.12.27"]
[EventType "swiss"]
[EventRounds "8"]
[EventCountry "SWE"]
[SourceTitle "CBM 211 Extra"]
[Source "ChessBase"]
[SourceDate "2023.01.31"]
[SourceVersion "1"]
[SourceVersionDate "2023.01.31"]
[SourceQuality "1"]

1. Nf3 d5 2. d4 e6 3. c4 h6 4. g3 Nf6 5. Bg2 Be7 6. 0-0 0-0 7. Nc3 a6 8. Ne5 dxc4 9. Nxc4 Nc6 10. e3 Rb8 11. f4 Nb4 12. a3 Nbd5 13. e4 Nxc3 14. bxc3 b5 15. Ne5 Bb7 16. Qe2 c5 17. Bb2 Qb6 18. Kh1 Rfd8 19. Rad1 cxd4 20. cxd4 a5 21. f5 exf5 22. Rxf5 b4 23. axb4 Qxb4 24. Ba1 Rbc8 25. d5 Qa4 26. Ng4 Rc2 27. Qf3 Nxg4 28. Qxg4 f6 29. Rff1 Bc8 30. Qg6 Rxg2 31. Kxg2 Qc2+ 32. Kf3 Bh3 33. Rfe1 Qg2+ 34. Ke3 Rb8 35. Bd4 Qxh2 36. e5 fxe5 37. Bxe5 Bg5+ 38. Kd3 Rb3+ 39. Kc4 Rb4+ 40. Kd3 Rb3+ 41. Kc4 Rb4+ 42. Kd3 Rb3+ 1/2-1/2

[Event "Titled Tuesday intern op 27th Sep Early"]
[Site "Chess.com INT"]
[Date "2022.09.27"]
[Round "2"]
[White "Ciuffoletti, Paolo"]
[Black "Nygren, Kim"]
[Result "1-0"]
[WhiteElo "2106"]
[BlackElo "2227"]
[PlyCount "43"]
[EventDate "2022.09.27"]
[EventType "swiss (blitz)"]
[EventRounds "11"]
[EventCountry "USA"]
[SourceTitle "CBM 210 Extra"]
[Source "ChessBase"]
[SourceDate "2022.11.30"]
[SourceVersion "1"]
[SourceVersionDate "2022.11.30"]
[SourceQuality "1"]

1. e4 e5 2. Nf3 Nc6 3. Bc4 Nf6 4. d4 Nxe4 5. dxe5 Nc5 6. Be3 Ne6 7. 0-0 Be7 8. Nc3 0-0 9. Ne4 b6 10. Qd2 Bb7 11. Rad1 Nxe5 12. Nxe5 Bxe4 13. Nxd7 Bd6 14. Nxf8 Qh4 15. h3 Nf4 16. Bxf4 Bxf4 17. Qd7 Rxf8 18. Qg4 Qh6 19. Rd7 Bg6 20. Rfd1 Bh5 21. Qf5 Bxd1 22. Rxf7 1-0

[Event "Gothenburg op"]
[Site "Gothenburg"]
[Date "2022.08.14"]
[Round "7"]
[White "Nygren, Kim"]
[Black "Heimisson, Hilmir Freyr"]
[Result "1-0"]
[WhiteElo "2229"]
[BlackElo "2323"]
[PlyCount "109"]
[EventDate "2022.08.12"]
[EventType "swiss"]
[EventRounds "8"]
[EventCountry "SWE"]
[SourceTitle "CBM 209 Extra"]
[Source "ChessBase"]
[SourceDate "2022.09.30"]
[SourceVersion "1"]
[SourceVersionDate "2022.09.30"]
[SourceQuality "1"]

1. e4 c5 2. Nf3 d6 3. d4 cxd4 4. Nxd4 Nf6 5. Nc3 Nc6 6. Bc4 Qb6 7. Ndb5 a6 8. Be3 Qa5 9. Nd4 Ng4 10. Nxc6 bxc6 11. Bd2 e5 12. 0-0 Qc7 13. b4 Be7 14. a4 0-0 15. Qe2 Nf6 16. Rfb1 Bb7 17. a5 d5 18. Bd3 Rfd8 19. f3 dxe4 20. Nxe4 Nxe4 21. fxe4 c5 22. bxc5 Bxc5+ 23. Kh1 Rd6 24. Rf1 Bc8 25. Qh5 Be6 26. Rab1 f6 27. Qh4 Bf7 28. Qg3 Rb8 29. Rxb8+ Qxb8 30. h4 Kh8 31. Qg4 Be6 32. Qe2 Qc8 33. Rb1 h6 34. Be3 Bg4 35. Qd2 Bd4 36. Bxd4 Rxd4 37. Rb6 Qd8 38. Qf2 f5 39. exf5 Rf4 40. Qg3 Bh5 41. f6 Rxf6 42. Rb7 Bf7 43. Qxe5 Re6 44. Rb8 Rxe5 45. Rxd8+ Re8 46. Rxe8+ Bxe8 47. Bxa6 Bc6 48. c4 Kg8 49. Bb5 Ba8 50. c5 Kf7 51. c6 Ke7 52. c7 Bb7 53. a6 Kd6 54. axb7 Kxc7 55. Bc6 1-0

[Event "Gothenburg op"]
[Site "Gothenburg"]
[Date "2022.08.13"]
[Round "5"]
[White "Jacobsen, Mikkel Manosri"]
[Black "Nygren, Kim"]
[Result "1-0"]
[WhiteElo "2320"]
[BlackElo "2229"]
[PlyCount "79"]
[EventDate "2022.08.12"]
[EventType "swiss"]
[EventRounds "8"]
[EventCountry "SWE"]
[SourceTitle "CBM 209 Extra"]
[Source "ChessBase"]
[SourceDate "2022.09.30"]
[SourceVersion "1"]
[SourceVersionDate "2022.09.30"]
[SourceQuality "1"]

1. d4 f5 2. g3 Nf6 3. Bg2 g6 4. Nf3 Bg7 5. 0-0 0-0 6. c4 d6 7. Nc3 c6 8. Qc2 Na6 9. Rd1 Qe8 10. b3 Nb4 11. Qb1 e5 12. a3 Na6 13. b4 f4 14. gxf4 e4 15. Ng5 c5 16. Be3 cxd4 17. Bxd4 Bf5 18. Ngxe4 Nxe4 19. Bxe4 Rc8 20. Bxg7 Kxg7 21. Qd3 Bxe4 22. Nxe4 Rxf4 23. Nxd6 Qc6 24. Qd5 Rcf8 25. Qxc6 bxc6 26. f3 Nc7 27. Ne4 Ne6 28. Rd6 Re8 29. Rad1 g5 30. Rxc6 g4 31. Rdd6 gxf3 32. exf3 Nf8 33. Rc7+ Kh8 34. Rf6 Rh4 35. Rff7 Rd8 36. Nf6 Rh6 37. Rxa7 Rd1+ 38. Kg2 Rd2+ 39. Kg3 Rd8 40. h4 1-0

[Event "Gothenburg op"]
[Site "Gothenburg"]
[Date "2022.08.12"]
[Round "3"]
[White "Asbrink, Adam"]
[Black "Nygren, Kim"]
[Result "0-1"]
[WhiteElo "1977"]
[BlackElo "2229"]
[PlyCount "62"]
[EventDate "2022.08.12"]
[EventType "swiss"]
[EventRounds "8"]
[EventCountry "SWE"]
[SourceTitle "CBM 209 Extra"]
[Source "ChessBase"]
[SourceDate "2022.09.30"]
[SourceVersion "1"]
[SourceVersionDate "2022.09.30"]
[SourceQuality "1"]

1. d4 Nf6 2. Nc3 e6 3. Bf4 c5 4. d5 Qa5 5. Bd2 Qb6 6. e4 d6 7. dxe6 Bxe6 8. Nge2 Nc6 9. Nf4 0-0-0 10. Nxe6 fxe6 11. g3 h5 12. Bh3 Nd4 13. Be3 Kb8 14. Rb1 Ng4 15. Bxd4 cxd4 16. Ne2 Nxf2 17. Kxf2 d3+ 18. Kg2 dxe2 19. Qxe2 d5 20. Rhd1 h4 21. exd5 exd5 22. Qe6 Bd6 23. Rxd5 hxg3 24. hxg3 Rhe8 25. Qg4 Qc6 26. c4 Re3 27. Kg1 Rde8 28. Bg2 Rxg3 29. Qd4 Re2 30. Kf1 Rgxg2 31. Rxd6 Qf3+ 0-1

[Event "Titled Tuesday intern op 06th July"]
[Site "Chess.com INT"]
[Date "2021.07.06"]
[Round "3"]
[White "Nygren, Kim"]
[Black "Novikova, Galina"]
[Result "1-0"]
[WhiteElo "2232"]
[BlackElo "2073"]
[PlyCount "87"]
[EventDate "2021.07.06"]
[EventType "swiss (blitz)"]
[EventRounds "11"]
[EventCountry "USA"]
[SourceTitle "EXT 2022"]
[Source "ChessBase"]
[SourceDate "2021.10.06"]
[SourceVersion "1"]
[SourceVersionDate "2021.10.06"]
[SourceQuality "1"]

1. e4 e6 2. d4 d5 3. Nc3 Bb4 4. e5 Ne7 5. a3 Bxc3+ 6. bxc3 c5 7. Qg4 Kf8 8. h4 Qa5 9. Bd2 Qa4 10. Rc1 Nbc6 11. Nf3 b6 12. h5 h6 13. Rh3 Ba6 14. Bxa6 Qxa6 15. Nh4 Qc4 16. Qf4 Ke8 17. Rg3 Rg8 18. Rf3 Rf8 19. Qg3 Rg8 20. Qf4 Rf8 21. Ng6 Nxg6 22. hxg6 cxd4 23. gxf7+ Kd7 24. Qg3 dxc3 25. Rxc3 Qe4+ 26. Re3 Qf5 27. c4 d4 28. Rd3 Qxe5+ 29. Qxe5 Nxe5 30. Rxd4+ Ke7 31. Bb4+ Kxf7 32. Bxf8 Kxf8 33. c5 Rc8 34. f4 Ng4 35. c6 Nf6 36. c7 Nd5 37. f5 Rxc7 38. Rxc7 Nxc7 39. Rd7 Nb5 40. fxe6 Nxa3 41. Rf7+ Kg8 42. Rxa7 Nc4 43. Ra8+ Kh7 44. e7 1-0

[Event "Titled Tuesday intern op 01st June"]
[Site "Chess.com INT"]
[Date "2021.06.01"]
[Round "3"]
[White "Nygren, Kim"]
[Black "Wagner, Dennis"]
[Result "1-0"]
[WhiteElo "2232"]
[BlackElo "2572"]
[PlyCount "75"]
[EventDate "2021.06.01"]
[EventType "swiss (blitz)"]
[EventRounds "11"]
[EventCountry "USA"]
[SourceTitle "CBM 202 Extra"]
[Source "ChessBase"]
[SourceDate "2021.07.31"]
[SourceVersion "1"]
[SourceVersionDate "2021.07.31"]
[SourceQuality "1"]

1. e4 e5 2. Nf3 Nc6 3. Bb5 a6 4. Ba4 Nf6 5. 0-0 b5 6. Bb3 Bc5 7. c3 d6 8. h3 0-0 9. d3 h6 10. Be3 Bxe3 11. fxe3 Be6 12. Nbd2 Bxb3 13. Nxb3 Nb8 14. a4 Nbd7 15. axb5 axb5 16. Rxa8 Qxa8 17. Nh4 g6 18. Kh2 Qa7 19. Rf3 Qa4 20. Rg3 Kh7 21. Nf3 Nc5 22. Nfd2 Nh5 23. Rf3 Kg8 24. Rf1 Nxd3 25. Qe2 Nc5 26. Ra1 Nxb3 27. Rxa4 bxa4 28. Nxb3 axb3 29. Qc4 Nf6 30. Qxc7 Nxe4 31. Qb6 h5 32. Qxb3 Kg7 33. Qc4 f5 34. b4 h4 35. Qa2 Rc8 36. c4 Rb8 37. Qa7+ Kh6 38. Qxb8 1-0

[Event "Titled Tuesday intern op 01st June"]
[Site "Chess.com INT"]
[Date "2021.06.01"]
[Round "7"]
[White "Szente Varga, Fruzsina"]
[Black "Nygren, Kim"]
[Result "1-0"]
[WhiteElo "2100"]
[BlackElo "2232"]
[PlyCount "77"]
[EventDate "2021.06.01"]
[EventType "swiss (blitz)"]
[EventRounds "11"]
[EventCountry "USA"]
[SourceTitle "CBM 202 Extra"]
[Source "ChessBase"]
[SourceDate "2021.07.31"]
[SourceVersion "1"]
[SourceVersionDate "2021.07.31"]
[SourceQuality "1"]

1. e4 c5 2. Nf3 d6 3. d4 cxd4 4. Qxd4 e5 5. Bb5+ Nc6 6. Qd3 Bd7 7. c4 Nb4 8. Qe2 Rc8 9. Nc3 Nf6 10. 0-0 Be7 11. h3 0-0 12. Be3 a6 13. Bxd7 Qxd7 14. a3 Nc6 15. b4 Rfd8 16. Rfd1 h6 17. Rac1 Bf8 18. b5 axb5 19. cxb5 Ne7 20. Nxe5 Qe6 21. Nf3 Nxe4 22. Nxe4 Qxe4 23. Rxc8 Rxc8 24. Rxd6 Nf5 25. Rd3 Rc1+ 26. Kh2 Bd6+ 27. Rxd6 Nxd6 28. Qd2 Rc8 29. Qxd6 Qc4 30. b6 Qb5 31. Qe7 Qc6 32. Ne5 Qd5 33. Nf3 Ra8 34. Qc7 Re8 35. a4 Qe6 36. a5 g5 37. Qxb7 Qd6+ 38. g3 Re6 39. Qc8+ 1-0

[Event "Titled Tuesday intern op 01st June"]
[Site "Chess.com INT"]
[Date "2021.06.01"]
[Round "4"]
[White "Zierk, Steven C"]
[Black "Nygren, Kim"]
[Result "1-0"]
[WhiteElo "2499"]
[BlackElo "2232"]
[PlyCount "83"]
[EventDate "2021.06.01"]
[EventType "swiss (blitz)"]
[EventRounds "11"]
[EventCountry "USA"]
[SourceTitle "CBM 202 Extra"]
[Source "ChessBase"]
[SourceDate "2021.07.31"]
[SourceVersion "1"]
[SourceVersionDate "2021.07.31"]
[SourceQuality "1"]

1. e4 c5 2. Nf3 d6 3. d4 cxd4 4. Nxd4 Nf6 5. f3 e6 6. c4 Be7 7. Nc3 0-0 8. Be2 Nc6 9. 0-0 a6 10. Kh1 Bd7 11. Nc2 Rc8 12. b3 Ne5 13. Bb2 b5 14. cxb5 axb5 15. Nxb5 Bxb5 16. Bxb5 Qb6 17. a4 Rfd8 18. Bd4 Qb8 19. Nb4 Ng6 20. Nc6 Rxc6 21. Bxc6 d5 22. e5 Nxe5 23. Bb5 Bd6 24. f4 Ng6 25. g3 Ne4 26. Qd3 e5 27. fxe5 Bxe5 28. Bxe5 Nxe5 29. Qd4 Ng4 30. Rf4 h5 31. b4 g6 32. Be2 g5 33. Rf3 Qd6 34. a5 Ne5 35. Rb3 h4 36. gxh4 g4 37. a6 g3 38. a7 Ra8 39. hxg3 Qe6 40. Kg2 f6 41. b5 Qf5 42. b6 1-0

[Event "Titled Tuesday intern op 11th May"]
[Site "Chess.com INT"]
[Date "2021.05.11"]
[Round "10"]
[White "Cagara, Paulina"]
[Black "Nygren, Kim"]
[Result "0-1"]
[WhiteElo "2027"]
[BlackElo "2232"]
[PlyCount "48"]
[EventDate "2021.05.11"]
[EventType "swiss (blitz)"]
[EventRounds "11"]
[EventCountry "USA"]
[SourceTitle "CBM 202 Extra"]
[Source "ChessBase"]
[SourceDate "2021.07.31"]
[SourceVersion "1"]
[SourceVersionDate "2021.07.31"]
[SourceQuality "1"]

1. e4 c5 2. Nc3 a6 3. f4 Nc6 4. Nf3 b5 5. d3 Bb7 6. g3 h5 7. Bg2 e6 8. 0-0 Nd4 9. Nxd4 cxd4 10. Ne2 Bc5 11. h4 Nf6 12. Qe1 Ng4 13. Kh1 Qb6 14. c3 dxc3 15. bxc3 Bf2 16. Qd1 f5 17. Qb3 Rc8 18. Bd2 0-0 19. Rac1 Be3 20. Be1 Bxc1 21. Nxc1 Ne3 22. Rg1 Nxg2 23. Kxg2 fxe4 24. Kh3 Qxg1 0-1

[Event "Titled Tuesday intern op 11th May"]
[Site "Chess.com INT"]
[Date "2021.05.11"]
[Round "11"]
[White "Hansen, Sune Berg"]
[Black "Nygren, Kim"]
[Result "0-1"]
[WhiteElo "2533"]
[BlackElo "2232"]
[PlyCount "78"]
[EventDate "2021.05.11"]
[EventType "swiss (blitz)"]
[EventRounds "11"]
[EventCountry "USA"]
[SourceTitle "CBM 202 Extra"]
[Source "ChessBase"]
[SourceDate "2021.07.31"]
[SourceVersion "1"]
[SourceVersionDate "2021.07.31"]
[SourceQuality "1"]

1. e4 c5 2. Nc3 e6 3. Nf3 Nc6 4. d4 cxd4 5. Nxd4 Qc7 6. Qd3 a6 7. Be2 Nf6 8. Nxc6 Qxc6 9. e5 Ng8 10. 0-0 Qc7 11. Bf4 Bc5 12. Ne4 Ne7 13. Nd6+ Kf8 14. Rad1 Ng6 15. Bg3 Bxd6 16. exd6 Qc5 17. c4 h5 18. h4 f5 19. a3 a5 20. Qc3 f4 21. Bh2 a4 22. Qh3 Ra6 23. Bd3 Rh6 24. Bxg6 Rxg6 25. Bxf4 Qxc4 26. Bg5 Rc6 27. Qf3+ Kg8 28. Qxh5 Qe4 29. Rfe1 Qf5 30. Re3 Qc2 31. Rde1 Rxd6 32. Rf3 Rd1 33. Rxd1 Qxd1+ 34. Kh2 Qc2 35. Be7 Qc7+ 36. g3 Rh6 37. Qf7+ Kh7 38. h5 Qe5 39. Bf8 Qxh5+ 0-1

[Event "Titled Tuesday intern op 11th May"]
[Site "Chess.com INT"]
[Date "2021.05.11"]
[Round "4"]
[White "Murzin, Volodar"]
[Black "Nygren, Kim"]
[Result "1-0"]
[WhiteElo "2478"]
[BlackElo "2232"]
[PlyCount "119"]
[EventDate "2021.05.11"]
[EventType "swiss (blitz)"]
[EventRounds "11"]
[EventCountry "USA"]
[SourceTitle "CBM 202 Extra"]
[Source "ChessBase"]
[SourceDate "2021.07.31"]
[SourceVersion "1"]
[SourceVersionDate "2021.07.31"]
[SourceQuality "1"]

1. e4 e6 2. d3 d5 3. Nd2 c5 4. Ngf3 Nc6 5. g3 Nf6 6. Bg2 Be7 7. 0-0 0-0 8. Re1 Rb8 9. a4 a6 10. e5 Nd7 11. Nf1 b5 12. axb5 axb5 13. h4 f5 14. exf6 Nxf6 15. N1h2 e5 16. Nxe5 Nxe5 17. Rxe5 Bd6 18. Re1 Qc7 19. Bg5 Bb7 20. Qd2 h6 21. Bxf6 Rxf6 22. Ng4 Rf7 23. Ra7 Qb6 24. Rxb7 Qxb7 25. Ne3 Kh8 26. Bxd5 Qc7 27. Bxf7 Qxf7 28. c4 Be5 29. cxb5 Rxb5 30. Nc4 Bd4 31. Qe2 Rb8 32. Kg2 Rf8 33. f4 Qg6 34. Qe4 Qg4 35. b4 Qc8 36. b5 Qb8 37. b6 Qc8 38. b7 Qd7 39. Rb1 Qc7 40. Rb6 Rb8 41. Kf3 Qd7 42. f5 Qa4 43. Qe2 Qa1 44. Kg4 Qh1 45. Qf3 h5+ 46. Kf4 Qg1 47. Kg5 Bf6+ 48. Kg6 Kg8 49. Nd6 Qd4 50. Ne4 Rf8 51. Kxh5 Qd8 52. b8Q Qe7 53. Qxf8+ Qxf8 54. Nxf6+ gxf6 55. Qd5+ Kh7 56. Rb7+ Kh8 57. Qf7 Qg8 58. Qxg8+ Kxg8 59. Kg6 c4 60. Rb8# 1-0

[Event "Titled Tuesday intern op 11th May"]
[Site "Chess.com INT"]
[Date "2021.05.11"]
[Round "3"]
[White "Nygren, Kim"]
[Black "Yuan, Qingyu"]
[Result "0-1"]
[WhiteElo "2232"]
[BlackElo "2373"]
[PlyCount "110"]
[EventDate "2021.05.11"]
[EventType "swiss (blitz)"]
[EventRounds "11"]
[EventCountry "USA"]
[SourceTitle "CBM 202 Extra"]
[Source "ChessBase"]
[SourceDate "2021.07.31"]
[SourceVersion "1"]
[SourceVersionDate "2021.07.31"]
[SourceQuality "1"]

1. e4 c5 2. Nf3 d6 3. d4 cxd4 4. Nxd4 Nf6 5. Nc3 a6 6. Be2 e5 7. Nb3 Be7 8. Be3 Be6 9. 0-0 0-0 10. f4 exf4 11. Bxf4 Nc6 12. Qe1 Rc8 13. Rd1 Qb6+ 14. Kh1 Nb4 15. Bd3 Rfe8 16. e5 dxe5 17. Bxe5 Nxd3 18. cxd3 Bxb3 19. axb3 Qxb3 20. Qg3 Qe6 21. d4 Nh5 22. Qf3 Qg6 23. Qxb7 f6 24. Nd5 Bf8 25. Nf4 Qg4 26. Nxh5 Qxh5 27. Qd5+ Kh8 28. Rde1 fxe5 29. dxe5 h6 30. Qb7 Rc5 31. e6 Re5 32. Qxa6 Rxe1 33. Rxe1 Qc5 34. Qf1 Bd6 35. Qf7 Rf8 36. e7 Rxf7 37. e8Q+ Rf8 38. Qe4 Bc7 39. g3 Qf2 40. Rd1 Bb6 41. Qd5 Qxb2 42. Qe4 Qf2 43. Re1 Qf6 44. Qe2 Bd4 45. Qd3 Qc6+ 46. Re4 Re8 47. Qf3 Qxe4 48. Kg2 Qxf3+ 49. Kxf3 Bf6 50. Kg4 Rf8 51. Kh5 Kg8 52. g4 Kf7 53. h4 Re8 54. g5 g6+ 55. Kxh6 Rh8# 0-1

[Event "Titled Tuesday intern op 26th Jan"]
[Site "Chess.com INT"]
[Date "2021.01.26"]
[Round "3"]
[White "Katzir, Moshe"]
[Black "Nygren, Kim"]
[Result "0-1"]
[WhiteElo "2159"]
[BlackElo "2232"]
[PlyCount "96"]
[EventDate "2021.01.26"]
[EventType "swiss (blitz)"]
[EventRounds "11"]
[EventCountry "USA"]
[SourceTitle "CBM 200 Extra"]
[Source "ChessBase"]
[SourceDate "2021.03.31"]
[SourceVersion "1"]
[SourceVersionDate "2021.03.31"]
[SourceQuality "1"]

1. e4 c5 2. Nf3 d6 3. Bb5+ Bd7 4. Bxd7+ Nxd7 5. 0-0 Ngf6 6. Qe2 e5 7. c3 Qc7 8. d4 Be7 9. Bg5 h6 10. Bh4 g5 11. Bg3 Nh5 12. Nbd2 Nf4 13. Bxf4 gxf4 14. a4 h5 15. Rfd1 h4 16. h3 0-0-0 17. b4 Kb8 18. bxc5 dxc5 19. a5 exd4 20. cxd4 Rhg8 21. d5 Ne5 22. Rdb1 Ka8 23. Nc4 Nxc4 24. Qxc4 Rd6 25. Kh2 Rdg6 26. Rg1 Bd6 27. Rab1 f6 28. Qb5 Qg7 29. Qf1 a6 30. Kh1 Bb8 31. Nxh4 Rg5 32. Rb6 Qd7 33. Nf5 f3 34. g4 Rh8 35. Rg3 Bxg3 36. fxg3 Rxg4 37. Qxf3 Rg5 38. h4 Rg6 39. e5 Rxg3 40. Qxg3 Qxf5 41. e6 Qe4+ 42. Kg1 Rxh4 43. Qg8+ Ka7 44. Rxb7+ Kxb7 45. Qf7+ Kc8 46. Qe8+ Kc7 47. Qd7+ Kb8 48. Qd8+ Kb7 0-1

[Event "Titled Tuesday intern op 26th Jan"]
[Site "Chess.com INT"]
[Date "2021.01.26"]
[Round "6"]
[White "Matthiesen, Martin"]
[Black "Nygren, Kim"]
[Result "1-0"]
[WhiteElo "2296"]
[BlackElo "2232"]
[PlyCount "103"]
[EventDate "2021.01.26"]
[EventType "swiss (blitz)"]
[EventRounds "11"]
[EventCountry "USA"]
[SourceTitle "CBM 200 Extra"]
[Source "ChessBase"]
[SourceDate "2021.03.31"]
[SourceVersion "1"]
[SourceVersionDate "2021.03.31"]
[SourceQuality "1"]

1. d4 Nf6 2. c4 g6 3. Nc3 Bg7 4. e4 d6 5. Nf3 0-0 6. Be2 e5 7. d5 a5 8. Bg5 h6 9. Bh4 Na6 10. 0-0 Qe8 11. Nd2 Nh7 12. a3 Bd7 13. b3 f5 14. f3 g5 15. Bf2 f4 16. Rb1 h5 17. b4 axb4 18. axb4 Rf6 19. c5 Rg6 20. c6 bxc6 21. dxc6 Bc8 22. b5 Nc5 23. Nd5 Ne6 24. b6 cxb6 25. Nxb6 Rb8 26. Nxc8 Rxc8 27. Ba6 Rc7 28. Bb6 g4 29. Bxc7 Nxc7 30. Bc4+ Kh8 31. Bd5 Ng5 32. Rb7 Nge6 33. Qb1 Kh7 34. Nc4 gxf3 35. Rxf3 Nd4 36. Rf2 Nce6 37. Nxd6 Qd8 38. Nf5 Qg5 39. Bxe6 Nxe6 40. c7 Nxc7 41. Rxc7 f3 42. Rxg7+ Rxg7 43. Nxg7 h4 44. Qf1 fxg2 45. Rxg2 Qe3+ 46. Kh1 h3 47. Rg3 Qxe4+ 48. Rf3 Kxg7 49. Qxh3 Qe1+ 50. Qf1 Qe4 51. Qg2+ Qg6 52. Rg3 1-0

[Event "Titled Tuesday intern op 26th Jan"]
[Site "Chess.com INT"]
[Date "2021.01.26"]
[Round "5"]
[White "Nygren, Kim"]
[Black "Dragomirescu, Calin"]
[Result "1/2-1/2"]
[WhiteElo "2232"]
[BlackElo "2064"]
[PlyCount "70"]
[EventDate "2021.01.26"]
[EventType "swiss (blitz)"]
[EventRounds "11"]
[EventCountry "USA"]
[SourceTitle "CBM 200 Extra"]
[Source "ChessBase"]
[SourceDate "2021.03.31"]
[SourceVersion "1"]
[SourceVersionDate "2021.03.31"]
[SourceQuality "1"]

1. e4 g6 2. d4 Bg7 3. Nc3 d6 4. f3 a6 5. Be3 b5 6. Qd2 Bb7 7. h4 h5 8. Nh3 Nd7 9. Ng5 Ngf6 10. Bd3 0-0 11. g4 c5 12. gxh5 Nxh5 13. dxc5 Nxc5 14. 0-0-0 Nxd3+ 15. Qxd3 Qa5 16. Bd4 b4 17. Bxg7 Nxg7 18. Nd5 Bxd5 19. exd5 Qxa2 20. h5 Qa1+ 21. Kd2 Qxb2 22. hxg6 Qc3+ 23. Qxc3 bxc3+ 24. Kxc3 fxg6 25. Rh7 Rf5 26. Rdh1 Rxg5 27. Rh8+ Kf7 28. Rxa8 Rxd5 29. Rxa6 Rf5 30. Rh3 Ne6 31. Kd2 Ng5 32. Rh8 Nxf3+ 33. Ke3 Ne5 34. Raa8 Ke6 35. Rh7 Rf7 1/2-1/2

[Event "Titled Tuesday intern op 14th July"]
[Site "Chess.com INT"]
[Date "2020.07.14"]
[Round "8"]
[White "Nygren, Kim"]
[Black "Ostrovskiy, Aleksandr A"]
[Result "1-0"]
[WhiteElo "2232"]
[BlackElo "2425"]
[PlyCount "93"]
[EventDate "2020.07.14"]
[EventType "swiss (blitz)"]
[EventRounds "10"]
[EventCountry "USA"]
[SourceTitle "CBM 197 Extra"]
[Source "ChessBase"]
[SourceDate "2020.09.30"]
[SourceVersion "1"]
[SourceVersionDate "2020.09.30"]
[SourceQuality "1"]

1. e4 c6 2. d4 d5 3. e5 c5 4. dxc5 Nc6 5. Bf4 e6 6. Nf3 Bxc5 7. Be2 f6 8. 0-0 g5 9. Bg3 g4 10. Nh4 fxe5 11. Bxg4 Nf6 12. Bh5+ Ke7 13. Kh1 e4 14. Nc3 a6 15. f4 Rg8 16. f5 e5 17. Ng6+ hxg6 18. fxg6 Ke6 19. Rxf6+ Kxf6 20. Bh4+ Kg7 21. Bxd8 Rxd8 22. Qe1 Be6 23. Rd1 Nd4 24. Ne2 Nf5 25. Nf4 Bg8 26. Qc3 Bd4 27. Rxd4 exd4 28. Qc7+ Kf6 29. g4 Rac8 30. Qb6+ Ke5 31. gxf5 Kxf4 32. f6 d3 33. cxd3 exd3 34. Qf2+ Kg5 35. Bd1 Kxg6 36. h4 Kf7 37. Bh5+ Kf8 38. f7 Bh7 39. Qe3 Rc2 40. Qh6+ Ke7 41. Qg5+ Kd7 42. Qxd8+ Kxd8 43. f8Q+ Kc7 44. Qg7+ Kd6 45. Qxh7 Rc1+ 46. Kg2 d2 47. Be2 1-0

[Event "Titled Tuesday intern op 14th July"]
[Site "Chess.com INT"]
[Date "2020.07.14"]
[Round "4"]
[White "Nygren, Kim"]
[Black "Quintiliano Pinto, Renato Rodrigues"]
[Result "1-0"]
[WhiteElo "2232"]
[BlackElo "2469"]
[PlyCount "91"]
[EventDate "2020.07.14"]
[EventType "swiss (blitz)"]
[EventRounds "10"]
[EventCountry "USA"]
[SourceTitle "CBM 197 Extra"]
[Source "ChessBase"]
[SourceDate "2020.09.30"]
[SourceVersion "1"]
[SourceVersionDate "2020.09.30"]
[SourceQuality "1"]

1. e4 c5 2. Nf3 d6 3. d4 cxd4 4. Nxd4 Nf6 5. Nc3 a6 6. Bc4 e6 7. Bb3 b5 8. 0-0 Be7 9. Re1 0-0 10. Qf3 Qc7 11. Qg3 Bd7 12. Bh6 Ne8 13. Rad1 b4 14. Nce2 Bf6 15. Nf4 Be5 16. Nf3 Kh8 17. Bg5 a5 18. a4 bxa3 19. bxa3 a4 20. Ba2 Nc6 21. Nxe5 dxe5 22. Nh5 f6 23. Bd2 g6 24. Bh6 Rf7 25. Qh3 gxh5 26. Qxh5 Re7 27. Bf8 Ng7 28. Bxg7+ Rxg7 29. g3 Nd4 30. c3 Qxc3 31. Re3 Qc2 32. Bb1 Qc6 33. h4 Be8 34. Qh6 Bg6 35. h5 Bf7 36. Qxf6 h6 37. Qxe5 Nb3 38. Qf6 Kg8 39. e5 Qc5 40. Qxh6 Nd4 41. Bg6 Nf5 42. Bxf7+ Kxf7 43. Qf6+ Kg8 44. h6 Rh7 45. Qxe6+ Kh8 46. Qxf5 1-0